[Event "IRI-ch U12"]
[Site "Chess.com INT"]
[Date "2021.01.16"]
[Round "2"]
[White "Azimi, Amir Mohammad"]
[Black "Reshad, Radin"]
[Result "1-0"]
[WhiteElo "1442"]
[BlackElo "1090"]
[PlyCount "67"]
[EventDate "2021.01.16"]
[EventType "swiss"]
[EventRounds "11"]
[EventCountry "IRI"]
[SourceTitle "EXT 2022"]
[Source "ChessBase"]
[SourceDate "2021.10.06"]
[SourceVersion "1"]
[SourceVersionDate "2021.10.06"]
[SourceQuality "1"]

1. e4 e6 2. d4 d5 3. e5 c5 4. c3 Nc6 5. Nf3 Bd7 6. Bd3 cxd4 7. cxd4 Qb6 8. Be2 Nge7 9. Nc3 Nf5 10. Na4 Qa5+ 11. Bd2 Bb4 12. Nc5 Bxd2+ 13. Qxd2 Qxd2+ 14. Kxd2 Nfxd4 15. Nxd4 Nxd4 16. Nxb7 Nxe2 17. Nd6+ Ke7 18. Kxe2 Rab8 19. b3 f6 20. f4 Rb4 21. g3 fxe5 22. fxe5 Rbb8 23. Rac1 Rhf8 24. Rc7 Ra8 25. Rhc1 a5 26. a4 Rab8 27. R1c3 Rb4 28. Ra7 Rfb8 29. Rf3 Rf8 30. Rxf8 Kxf8 31. Rxd7 Rxb3 32. Rf7+ Kg8 33. Rb7 Ra3 34. Rb8# 1-0